000
00299nam a2200121Ia 4500
008
220204s9999 xx 000 0 und d
082
_a
541.12.038
_b
MAN
100
_a
Manahan, Stanley E
245
0
_a
Environmental chemistry
250
_a
Ed.2
260
_a
Boston
_b
Willard Grant
_c
1975
942
_c
BK
999
_c
31964
_d
31964